| 000 | 00490nam a2200169 i 4500 | ||
|---|---|---|---|
| 001 | 46319 | ||
| 003 | ES-MaACL | ||
| 005 | 20230906161349.0 | ||
| 007 | t| | ||
| 008 | 030328s1837 be ||||1| fre d | ||
| 100 | 1 |
_aComte, Charles. _940058 |
|
| 245 | 1 | 0 |
_aTraité de législation ou exposition des lois générales... / _cpar Charles Comte. |
| 250 | _a3eme ed. | ||
| 260 |
_aBruxelles : _bHauman, Cattoir et Cie., _c1837. |
||
| 300 |
_aXV, 524 p. ; _c24 cm. |
||
| 852 |
_aES-MaACL _jG-9570 |
||
| 999 |
_c46319 _d46319 |
||